000 00444nam a2200181Ia 4500
001 14053
005 20260306164846.0
008 260306t2005||||xx |||||||||||||| ||spa||
041 _aESP
082 _a006.3
_bM63
100 _aMirkin, Boris
_eAUT
245 0 _aClustering for data minig:
_ba data recovery approach
260 _c2005
300 _axxiii, 266 páginas :
_c
650 _aGEN
654 _aCCC
942 _cLIB
_dJUS
_fJUS
_2ddc
_n
999 _c14053
_d14053